00613nam a2200205Ia 4500008004100000020001800041050001400059100001800073245003200091245002900123245003500152260002000187260002000207260000900227300001400236300002500250300001000275999001900285952010300304180207s9999 xx 000 0 und d a9781846865510 bK921 2010 aKrebs, Laurie aUn recorrido por la selva : buna aventura amazonica / cby Laurie Krebs y Anne Wilson. aCambridge, MA : bBarefoot Books, c2010 aunpaged : bcolor illustration ; c24cm. c355770d355770 001040aSSISMbSSISMd2018-02-07l0oER K921 2010pSSISM5315r2018-02-07 00:00:00w2018-02-07yBK